[Event "26. European Club Cup 2010"]
[Site "Plovdiv BUL"]
[Date "2010.10.17"]
[Round "1.4"]
[White "Alekseev, Evgeny"]
[Black "Van Der Werf, Mark"]
[Result "1-0"]
[WhiteElo "2691"]
[BlackElo "2432"]
[PlyCount "83"]
[EventDate "2010.12.17"]
[EventType "team"]
[EventCountry "BUL"]
[Source "lmi"]
[SourceDate "2010.10.17"]

1. e4 e5 2. Nf3 Nc6 3. Bb5 Nf6 4. d3 Bc5 5. c3 O-O 6. O-O Re8 7. Bg5 h6 8. Bh4
a6 9. Ba4 Ba7 10. Re1 d6 11. Nbd2 Kh8 12. Nf1 Rg8 13. Ne3 g5 14. Bg3 Rg7 15.
Bc2 Nh7 16. d4 f6 17. h3 Qf8 18. Qd2 h5 19. Nf5 Bxf5 20. exf5 h4 21. Bh2 Qf7
22. dxe5 fxe5 23. Re4 Qf6 24. Rae1 Rf8 25. Kh1 Bb6 26. b4 Rfg8 27. Rg4 Rf8 28.
Rge4 Rfg8 29. a4 Re7 30. b5 axb5 31. axb5 Nd8 32. Nxe5 dxe5 33. Rxe5 Reg7 34.
Rd5 Qf8 35. Be5 Nf6 36. Rxd8 Qxd8 37. Qxd8 Rxd8 38. Bxf6 Rdd7 39. Re8+ Kh7 40.
Be5 Kh6 41. f6 Rh7 42. f7 1-0

[Event "26. European Club Cup 2010"]
[Site "Plovdiv BUL"]
[Date "2010.10.18"]
[Round "2.4"]
[White "Hoffmann, Michael"]
[Black "Tomashevsky, Evgeny"]
[Result "1/2-1/2"]
[WhiteElo "2510"]
[BlackElo "2701"]
[PlyCount "104"]
[EventDate "2010.12.17"]
[EventType "team"]
[EventCountry "BUL"]
[Source "lmi"]
[SourceDate "2010.10.17"]

1. d4 Nf6 2. c4 e6 3. Nc3 Bb4 4. e3 O-O 5. Bd3 d5 6. Nge2 c5 7. cxd5 cxd4 8.
exd4 Nxd5 9. O-O Nc6 10. Nxd5 exd5 11. h3 Qf6 12. Nf4 Rd8 13. Be3 Bf5 14. Nh5
Qe6 15. Nf4 Qd7 16. Bb5 Rac8 17. Rc1 Bd6 18. Re1 a6 19. Ba4 b5 20. Bb3 Na5 21.
Nxd5 Nxb3 22. axb3 Rxc1 23. Bxc1 Bf8 24. Ne3 Be4 25. d5 Bxd5 26. Nxd5 Qxd5 27.
Qxd5 Rxd5 28. Be3 Bb4 29. Ra1 a5 30. Kf1 Rd3 31. Bb6 Rd6 32. Be3 Rd3 33. Bb6
Rxb3 34. Bxa5 h5 35. Bxb4 Rxb4 36. Ra2 g5 37. Ke2 Kg7 38. Kd3 Kg6 39. Kc3 Rc4+
40. Kd3 Rb4 41. Kc3 Rc4+ 42. Kd3 Rc1 43. Ra5 h4 44. Rxb5 Rg1 45. Ke2 Rxg2 46.
Kf1 Rh2 47. Rb3 Rh1+ 48. Kg2 Rd1 49. Rb6+ f6 50. Rb4 Rd5 51. Rc4 Rd2 52. Rb4
Rd5 1/2-1/2

[Event "26. European Club Cup 2010"]
[Site "Plovdiv BUL"]
[Date "2010.10.18"]
[Round "2.12"]
[White "Berg, Emanuel"]
[Black "Volodin, Aleksandr"]
[Result "1/2-1/2"]
[WhiteElo "2616"]
[BlackElo "2433"]
[PlyCount "122"]
[EventDate "2010.12.17"]
[EventType "team"]
[EventCountry "BUL"]
[Source "lmi"]
[SourceDate "2010.10.17"]

1. e4 c5 2. Nf3 e6 3. d4 cxd4 4. Nxd4 Nc6 5. Nc3 Qc7 6. Be3 Nf6 7. f4 Bb4 8.
Ndb5 Qa5 9. e5 Nd5 10. Bd2 Nxc3 11. Nxc3 d5 12. exd6 Bxd6 13. Ne4 Bb4 14. a3
Bxd2+ 15. Qxd2 Qxd2+ 16. Nxd2 e5 17. fxe5 Nxe5 18. O-O-O O-O 19. Re1 Nc6 20.
Bc4 Bf5 21. Rhf1 g6 22. Ne4 Bxe4 23. Rxe4 Rad8 24. c3 Kg7 25. Bb5 f5 26. Ra4
Rf7 27. Rd1 Rxd1+ 28. Kxd1 Kf6 29. Bxc6 bxc6 30. Rc4 Rc7 31. Rc5 Ke6 32. Kd2
Kd6 33. b4 Re7 34. Ra5 f4 35. c4 h6 36. Ra6 g5 37. b5 Rc7 38. Kd3 Kc5 39. a4
cxb5 40. cxb5 Rd7+ 41. Ke4 Kb4 42. b6 axb6 43. Rxb6+ Kxa4 44. Rxh6 Rd2 45. g3
Kb4 46. Kf5 Rg2 47. gxf4 gxf4 48. Kxf4 Kc5 49. Ke5 Re2+ 50. Kf6 Rf2+ 51. Ke7
Re2+ 52. Kf7 Rf2+ 53. Kg7 Rg2+ 54. Kf8 Rf2+ 55. Ke7 Re2+ 56. Kd7 Rd2+ 57. Kc7
Ra2 58. h4 Kd5 59. Kd7 Ke5 60. Ke7 Kf5 61. Kf7 Ra7+ 1/2-1/2

[Event "26. European Club Cup 2010"]
[Site "Plovdiv BUL"]
[Date "2010.10.18"]
[Round "2.16"]
[White "Zulkipli, Zaidan"]
[Black "Buscher, Michael"]
[Result "0-1"]
[WhiteElo "2053"]
[BlackElo "2388"]
[PlyCount "78"]
[EventDate "2010.12.17"]
[EventType "team"]
[EventCountry "BUL"]
[Source "lmi"]
[SourceDate "2010.10.17"]

1. d4 Nf6 2. c4 e6 3. Nc3 Bb4 4. e3 c5 5. Nge2 cxd4 6. exd4 d5 7. a3 Be7 8. Nf4
Nc6 9. Be3 O-O 10. cxd5 exd5 11. Be2 g5 12. Nd3 Ne4 13. O-O f5 14. Ne5 f4 15.
Bc1 Nxc3 16. bxc3 Nxe5 17. dxe5 Be6 18. Bg4 Qd7 19. h3 Rac8 20. Qf3 Bxg4 21.
hxg4 Qe6 22. Rb1 b6 23. Bb2 Rc4 24. Rbd1 Rd8 25. Rfe1 Bc5 26. Rd3 h5 27. Kf1
hxg4 28. Qd1 Rd7 29. Ke2 Re4+ 30. Kd2 Bxf2 31. Rf1 Bc5 32. Rh1 Rxe5 33. Rh5 Re7
34. Kc2 Re2+ 35. Kb3 d4+ 36. c4 b5 37. Rxg5+ Kf7 38. Rd5 bxc4+ 39. Kxc4 Qa6+
0-1

[Event "26. European Club Cup 2010"]
[Site "Plovdiv BUL"]
[Date "2010.10.18"]
[Round "2.24"]
[White "Koch, Dirk"]
[Black "Papadogiannis, Sevastianos"]
[Result "0-1"]
[WhiteElo "2057"]
[BlackElo "1962"]
[PlyCount "50"]
[EventDate "2010.12.17"]
[EventType "team"]
[EventCountry "BUL"]
[Source "lmi"]
[SourceDate "2010.10.17"]

1. e4 c6 2. d4 g6 3. Nf3 Bg7 4. c4 d5 5. Nc3 dxe4 6. Nxe4 Bg4 7. Be3 Bxf3 8.
Qxf3 Bxd4 9. O-O-O Bxe3+ 10. Qxe3 Qc7 11. g3 Nd7 12. Bh3 Ndf6 13. Qc3 Nxe4 14.
Qxh8 Nef6 15. Rhe1 Kf8 16. Rd2 Re8 17. f3 Qa5 18. a3 Qc5 19. Bf1 a5 20. f4 a4
21. Kb1 Qa5 22. Red1 e5 23. fxe5 Qxe5 24. Rf2 h5 25. Bg2 Rb8 0-1

[Event "26. European Club Cup 2010"]
[Site "Plovdiv BUL"]
[Date "2010.10.19"]
[Round "3.4"]
[White "Avrukh, Boris"]
[Black "Moiseenko, Alexander"]
[Result "1/2-1/2"]
[WhiteElo "2636"]
[BlackElo "2658"]
[PlyCount "88"]
[EventDate "2010.12.17"]
[EventType "team"]
[EventCountry "BUL"]
[Source "lmi"]
[SourceDate "2010.10.17"]

1. d4 Nf6 2. c4 e6 3. Nc3 Bb4 4. e3 O-O 5. Nge2 d5 6. a3 Bd6 7. cxd5 exd5 8. g3
c6 9. Bg2 Bf5 10. f3 Re8 11. O-O Nbd7 12. g4 Bxg4 13. fxg4 Nxg4 14. h3 Nxe3 15.
Bxe3 Rxe3 16. Qd2 Qe7 17. Nf4 Nb6 18. Qf2 Re8 19. Rad1 h6 20. Rd2 Nc4 21. Rc2
Bxf4 22. Qxf4 Re6 23. Rf3 Rf6 24. Qh4 Rxf3 25. Qxe7 Rxe7 26. Bxf3 Re3 27. Bxd5
cxd5 28. Nxd5 Rg3+ 29. Kf2 Rg5 30. Ne7+ Kf8 31. Rxc4 Kxe7 32. Rc7+ Ke6 33. Rxb7
Ra5 34. Kf3 g5 35. Rc7 h5 36. Rc5 Rxc5 37. dxc5 f5 38. b4 Kd5 39. Kg3 h4+ 40.
Kf3 Kc6 41. Ke3 g4 42. hxg4 fxg4 43. Kf4 h3 44. Kg3 Kd5 1/2-1/2

[Event "26. European Club Cup 2010"]
[Site "Plovdiv BUL"]
[Date "2010.10.19"]
[Round "3.6"]
[White "Dreev, Alexey"]
[Black "Bartel, Mateusz"]
[Result "1-0"]
[WhiteElo "2649"]
[BlackElo "2599"]
[PlyCount "119"]
[EventDate "2010.12.17"]
[EventType "team"]
[EventCountry "BUL"]
[Source "lmi"]
[SourceDate "2010.10.17"]

1. d4 Nf6 2. c4 e6 3. Nc3 Bb4 4. Qc2 O-O 5. a3 Bxc3+ 6. Qxc3 d5 7. Bg5 dxc4 8.
Qxc4 b6 9. Rd1 Ba6 10. Qc2 Nbd7 11. e4 Bxf1 12. Kxf1 Qc8 13. Ne2 c5 14. f3 cxd4
15. Nxd4 Qxc2 16. Nxc2 Rac8 17. Ne3 Rc5 18. Bh4 Rb5 19. b4 a5 20. Be1 axb4 21.
a4 Re5 22. Bxb4 Ra8 23. Nc4 Rh5 24. g4 Rxa4 25. gxh5 Rxb4 26. Ne5 Nf8 27. Nc6
Rb2 28. Ne7+ Kh8 29. Rd8 N6d7 30. Nc6 Kg8 31. h6 Rb1+ 32. Kg2 Rxh1 33. Ne7+ Kh8
34. hxg7+ Kxg7 35. Kxh1 Ne5 36. Kg2 Nfg6 37. Nxg6 hxg6 38. f4 Ng4 39. h3 Nf6
40. Kf3 Kh7 41. Rb8 Kg7 42. Rxb6 Ng8 43. Rb7 Nf6 44. Ra7 Ng8 45. Ke3 Nf6 46.
Kd4 Nh5 47. Ke5 Ng3 48. Rb7 Nh5 49. f5 exf5 50. exf5 gxf5 51. Kxf5 Nf6 52. Rb4
Ng8 53. Rg4+ Kf8 54. Rg5 Nh6+ 55. Kf4 Ng8 56. Kg4 Nf6+ 57. Kh4 Nh7 58. Rg2 f6
59. Kh5 Kf7 60. Ra2 1-0

[Event "26. European Club Cup 2010"]
[Site "Plovdiv BUL"]
[Date "2010.10.19"]
[Round "3.9"]
[White "Lemmers, Oscar"]
[Black "Mcshane, Luke J"]
[Result "0-1"]
[WhiteElo "2395"]
[BlackElo "2657"]
[PlyCount "66"]
[EventDate "2010.12.17"]
[EventType "team"]
[EventCountry "BUL"]
[Source "lmi"]
[SourceDate "2010.10.17"]

1. e4 c5 2. c3 Nf6 3. e5 Nd5 4. Nf3 Nc6 5. d4 cxd4 6. Bc4 Nb6 7. Bb3 d5 8. exd6
Qxd6 9. O-O Be6 10. Na3 dxc3 11. Qe2 Bxb3 12. Nb5 Qb8 13. axb3 g6 14. Be3 Nc8
15. Ra4 Bg7 16. Bf4 e5 17. Nxe5 Nxe5 18. Bxe5 Bxe5 19. f4 O-O 20. fxe5 cxb2 21.
Raf4 a6 22. Rxf7 Rxf7 23. Qc4 Nd6 24. Nxd6 Qa7+ 25. Kh1 b5 26. Qd5 Raf8 27. h3
Qd4 28. Qe6 Qxe5 29. Qxe5 Rxf1+ 30. Kh2 b1=Q 31. Qe6+ Kh8 32. Qe5+ R1f6 33. Ne4
Qf1 0-1

[Event "26. European Club Cup 2010"]
[Site "Plovdiv BUL"]
[Date "2010.10.19"]
[Round "3.12"]
[White "Iakymov, Volodymyr"]
[Black "Kytoniemi, Jyrki"]
[Result "1/2-1/2"]
[WhiteElo "2467"]
[BlackElo "2259"]
[PlyCount "89"]
[EventDate "2010.12.17"]
[EventType "team"]
[EventCountry "BUL"]
[Source "lmi"]
[SourceDate "2010.10.17"]

1. e4 e6 2. d4 d5 3. Nd2 c5 4. Ngf3 Nc6 5. exd5 exd5 6. Bb5 Bd6 7. dxc5 Bxc5 8.
O-O Nge7 9. Nb3 Bb6 10. Re1 O-O 11. Be3 Bf5 12. Bxc6 bxc6 13. Bc5 Re8 14. Nfd4
Bd7 15. Qd2 Nf5 16. Rxe8+ Qxe8 17. Re1 Qd8 18. Nxf5 Bxf5 19. Qc3 Bxc5 20. Qxc5
Qb6 21. Qc3 h6 22. Nd4 Bd7 23. Re7 Rd8 24. h3 Kf8 25. Re1 c5 26. Nb3 Rc8 27.
Qg3 Be6 28. Qe5 Qc7 29. Qe2 d4 30. Nd2 Kg8 31. b3 c4 32. Nf3 Qc5 33. Ra1 d3 34.
cxd3 cxb3 35. axb3 Bxb3 36. Rb1 Bd5 37. Nd2 a5 38. Ne4 Qc2 39. Qxc2 Rxc2 40.
Rb5 Bxe4 41. dxe4 Ra2 42. Rb8+ Kh7 43. Ra8 a4 44. g4 g5 45. Ra7 1/2-1/2

[Event "26. European Club Cup 2010"]
[Site "Plovdiv BUL"]
[Date "2010.10.20"]
[Round "4.4"]
[White "Bergstrom, Peter"]
[Black "Cvek, Robert"]
[Result "1/2-1/2"]
[WhiteElo "2306"]
[BlackElo "2494"]
[PlyCount "96"]
[EventDate "2010.12.17"]
[EventType "team"]
[EventCountry "BUL"]
[Source "lmi"]
[SourceDate "2010.10.17"]

1. e4 e6 2. d4 d5 3. Nc3 Bb4 4. Nge2 dxe4 5. a3 Be7 6. Nxe4 Nf6 7. N2g3 O-O 8.
Be2 Bd7 9. O-O Bc6 10. Qd3 a5 11. c4 Nbd7 12. Bf4 a4 13. Rad1 Nxe4 14. Nxe4
Bxe4 15. Qxe4 c6 16. Rd3 Nf6 17. Qf3 Ra5 18. Rfd1 Rf5 19. g4 Ra5 20. Qg2 Re8
21. Bf3 Nd7 22. d5 cxd5 23. cxd5 e5 24. Bd2 Ra6 25. d6 Rxd6 26. Rxd6 Bxd6 27.
Bxb7 e4 28. Bxe4 Qc7 29. Bc3 Nc5 30. Bc2 Rd8 31. Kh1 Bf8 32. Rxd8 Qxd8 33. Qf3
Qh4 34. Kg2 h5 35. h3 hxg4 36. Qxg4 Qh6 37. Qf5 Ne6 38. Bd2 Qh4 39. Qe4 Qh5 40.
Qf5 Qh4 41. Be3 g6 42. Qe4 Qf6 43. b4 axb3 44. Bxb3 Bxa3 45. Qa8+ Bf8 46. Bxe6
fxe6 47. Bh6 g5 48. Qxf8+ Qxf8 1/2-1/2

[Event "26. European Club Cup 2010"]
[Site "Plovdiv BUL"]
[Date "2010.10.20"]
[Round "4.9"]
[White "Jobava, Baadur"]
[Black "Bauer, Christian"]
[Result "1-0"]
[WhiteElo "2710"]
[BlackElo "2622"]
[PlyCount "125"]
[EventDate "2010.12.17"]
[EventType "team"]
[EventCountry "BUL"]
[Source "lmi"]
[SourceDate "2010.10.17"]

1. d4 Nf6 2. c4 e6 3. Nc3 Bb4 4. e3 b6 5. Be2 Bb7 6. Bf3 Bxf3 7. Qxf3 d5 8.
cxd5 exd5 9. Nge2 O-O 10. O-O Re8 11. Bd2 c6 12. Rac1 Bd6 13. Ng3 Nbd7 14. Rc2
Nf8 15. Nf5 Ne6 16. Nxd6 Qxd6 17. b4 Qd7 18. Rfc1 Rac8 19. Qd1 Red8 20. Be1 Ne8
21. a4 a6 22. Qd3 b5 23. Ra2 Nd6 24. Rca1 Qe7 25. Ne2 g6 26. Nc1 Re8 27. Qd1
Nc4 28. Nd3 h5 29. h3 Qf6 30. Bc3 Ng5 31. Nc5 Ne4 32. Qd3 Qh4 33. Qc2 Rcd8 34.
axb5 axb5 35. Ra6 Rd6 36. Nd3 Rf6 37. Be1 Ng5 38. Nf4 Rxf4 39. exf4 Qxf4 40.
Rxc6 Ne4 41. Qc1 Qf5 42. Raa6 h4 43. Kh2 Kg7 44. f3 Ng3 45. Rf6 Ne2 46. Rxf5
Nxc1 47. Re5 Nxe5 48. dxe5 Re6 49. Ra5 Nd3 50. Bxh4 Rxe5 51. Rxb5 Re2 52. Rxd5
Nf4 53. Rd6 g5 54. Rd4 Nxg2 55. Bg3 Nh4+ 56. Kh1 Nxf3 57. Rd3 Ne5 58. Rb3 f5
59. Kg1 f4 60. Bf2 Kf6 61. b5 Nd7 62. b6 Ke6 63. b7 1-0

[Event "26. European Club Cup 2010"]
[Site "Plovdiv BUL"]
[Date "2010.10.20"]
[Round "4.16"]
[White "Organdziev, Oliver"]
[Black "Versporten, Wim"]
[Result "1/2-1/2"]
[WhiteElo "2321"]
[BlackElo "2092"]
[PlyCount "99"]
[EventDate "2010.12.17"]
[EventType "team"]
[EventCountry "BUL"]
[Source "lmi"]
[SourceDate "2010.10.17"]

1. e4 c5 2. Nf3 d6 3. Bb5+ Nd7 4. c3 Qa5 5. a4 Ngf6 6. d3 h6 7. O-O e6 8. b4
cxb4 9. cxb4 Qxb4 10. Ba3 Qa5 11. Nbd2 d5 12. exd5 Nxd5 13. Nc4 Qc7 14. Qb3 Be7
15. Bxe7 Nxe7 16. Qa3 Kf8 17. Rfc1 Qc5 18. Qb2 Qd5 19. Ne3 Qd6 20. Nd2 Nb6 21.
Ne4 Qd8 22. a5 Nbd5 23. Nc4 Kg8 24. Ne5 f6 25. Nf3 Kh7 26. Rc2 Rf8 27. d4 Kh8
28. Nc5 a6 29. Bc4 Nc6 30. Qa3 Nxa5 31. Bxd5 exd5 32. Qxa5 b6 33. Qa2 bxc5 34.
Rxc5 Be6 35. Rc6 Qd7 36. Rxa6 Rxa6 37. Qxa6 Rc8 38. h3 Bf5 39. Qb6 Rc7 40. Ra8+
Kh7 41. Ra1 Rb7 42. Qc5 Rc7 43. Qa3 Qc8 44. Re1 Be4 45. Nd2 Rc3 46. Qa5 Bxg2
47. Kxg2 Qxh3+ 48. Kg1 Qg4+ 49. Kf1 Qh3+ 50. Kg1 1/2-1/2

[Event "26. European Club Cup 2010"]
[Site "Plovdiv BUL"]
[Date "2010.10.20"]
[Round "4.16"]
[White "Tjiam, Dharma"]
[Black "Dancevski, Orce"]
[Result "1/2-1/2"]
[WhiteElo "2398"]
[BlackElo "2402"]
[PlyCount "80"]
[EventDate "2010.12.17"]
[EventType "team"]
[EventCountry "BUL"]
[Source "lmi"]
[SourceDate "2010.10.17"]

1. d4 Nf6 2. c4 e6 3. Nc3 Bb4 4. e3 b6 5. Nge2 Ba6 6. a3 Bxc3+ 7. Nxc3 d5 8. b3
O-O 9. Bd3 dxc4 10. bxc4 Nc6 11. Bb2 Na5 12. Qe2 Qe7 13. O-O c5 14. Nb5 Bxb5
15. cxb5 cxd4 16. Bxd4 Nb3 17. Bxf6 Qxf6 18. Bxh7+ Kh8 19. Rab1 Nc5 20. Bc2 g6
21. Qc4 Kg7 22. Be4 Rad8 23. Rfd1 Rh8 24. Rxd8 Rxd8 25. Bf3 Rd3 26. h4 Rxa3 27.
h5 gxh5 28. Bxh5 Qf5 29. Qg4+ Qxg4 30. Bxg4 Ra2 31. f4 Ra3 32. Bf3 f5 33. Bc6
Kf6 34. Kf2 Ke7 35. Rd1 Nd3+ 36. Ke2 Nc5 37. Kf3 Nd3 38. Ke2 Nb4 39. Re1 Kf6
40. Kf3 Ra2 1/2-1/2

[Event "26. European Club Cup 2010"]
[Site "Plovdiv BUL"]
[Date "2010.10.21"]
[Round "5.3"]
[White "Saric, Ibro"]
[Black "Movsesian, Sergei"]
[Result "1/2-1/2"]
[WhiteElo "2565"]
[BlackElo "2723"]
[PlyCount "142"]
[EventDate "2010.12.17"]
[EventType "team"]
[EventCountry "BUL"]
[Source "lmi"]
[SourceDate "2010.10.17"]

1. d4 Nf6 2. c4 e6 3. Nf3 d5 4. Nc3 dxc4 5. e3 a6 6. Bxc4 b5 7. Bb3 Bb7 8. O-O
c5 9. e4 cxd4 10. Nxd4 Be7 11. e5 Nfd7 12. Bxe6 Nxe5 13. Bf4 Ng6 14. Bxf7+ Kxf7
15. Qb3+ Ke8 16. Ne6 Qd3 17. Nc7+ Kf8 18. Bg3 Nc6 19. Ne6+ Ke8 20. Nxg7+ Kf8
21. Ne6+ Ke8 22. Nc7+ Kf8 23. Rad1 Qc4 24. Qxc4 bxc4 25. Nxa8 Bxa8 26. Nd5 Kf7
27. Rfe1 Bc5 28. Nc7 Bd4 29. Re4 Rb8 30. Nxa8 Rxb2 31. Kf1 c3 32. Rc1 Nge7 33.
Nc7 Rxa2 34. Rf4+ Kg6 35. Ne6 Bf6 36. Rc4 Na5 37. Nf4+ Kf7 38. Rc7 Nb3 39. Re1
c2 40. Nd3 Nd4 41. Be5 Ndc6 42. f4 a5 43. Rc1 Ke6 44. Bxf6 Kxf6 45. Ne1 Nb4 46.
Nxc2 Ned5 47. Nxb4 axb4 48. Rxh7 Ne3+ 49. Kg1 Rxg2+ 50. Kh1 Rf2 51. Rb7 Rxf4
52. Rb5 Ke6 53. Re1 Re4 54. h3 Kd6 55. Kg1 Kc6 56. Rb8 Kc7 57. Rf8 Re7 58. Kf2
Nd5 59. Rxe7+ Nxe7 60. Ke3 Kd6 61. Ke4 Kc5 62. h4 Kc4 63. h5 b3 64. Rb8 Nc6 65.
Rf8 b2 66. Rf1 Ne7 67. Ke5 Ng8 68. Ke6 Kc3 69. Rf3+ Kc2 70. Rf2+ Kc3 71. Rxb2
Kxb2 1/2-1/2

[Event "26. European Club Cup 2010"]
[Site "Plovdiv BUL"]
[Date "2010.10.21"]
[Round "5.19"]
[White "Bojkov, Dejan"]
[Black "Jones, Richard S"]
[Result "1-0"]
[WhiteElo "2552"]
[BlackElo "2373"]
[PlyCount "99"]
[EventDate "2010.12.17"]
[EventType "team"]
[EventCountry "BUL"]
[Source "lmi"]
[SourceDate "2010.10.17"]

1. e4 c5 2. Nf3 d6 3. Bb5+ Nc6 4. O-O Bd7 5. c3 Nf6 6. Re1 a6 7. Ba4 b5 8. Bc2
e5 9. h3 Be7 10. d4 O-O 11. d5 Na5 12. Nbd2 Qc7 13. b3 c4 14. b4 Nb7 15. Nf1 a5
16. Ng3 axb4 17. cxb4 g6 18. Bh6 Rfc8 19. a3 Nd8 20. Nd2 Ne8 21. Nb1 Ra6 22.
Nc3 Rca8 23. Bc1 f6 24. Rb1 Nf7 25. Qe2 Bd8 26. a4 bxa4 27. b5 Ra5 28. Ba3 Rc8
29. Nf1 Qb7 30. Nd2 Bxb5 31. Nxb5 Rxb5 32. Bxa4 Rxb1 33. Rxb1 Bb6 34. Bc6 Qa6
35. Nxc4 Bd4 36. Rb4 Rxc6 37. dxc6 Qxc6 38. Rb8 Kg7 39. Ne3 Ba7 40. Rb4 Nc7 41.
Qc4 Qxc4 42. Nxc4 Bc5 43. Rb7 Bxa3 44. Nxa3 Ne6 45. Nb5 Nc5 46. Ra7 Nxe4 47. f3
Neg5 48. h4 Ne6 49. Nxd6 Ned8 50. Ne8+ 1-0

[Event "26. European Club Cup 2010"]
[Site "Plovdiv BUL"]
[Date "2010.10.21"]
[Round "5.19"]
[White "Davies, Matthew"]
[Black "Buscher, Michael"]
[Result "0-1"]
[WhiteElo "1973"]
[BlackElo "2388"]
[PlyCount "90"]
[EventDate "2010.12.17"]
[EventType "team"]
[EventCountry "BUL"]
[Source "lmi"]
[SourceDate "2010.10.17"]

1. d4 Nf6 2. c4 e6 3. Nc3 Bb4 4. e3 c5 5. Nge2 cxd4 6. exd4 O-O 7. a3 Be7 8.
Nf4 Re8 9. Be2 a6 10. O-O Qc7 11. Be3 d6 12. Rc1 Nbd7 13. Bf3 Rb8 14. Qe2 Bf8
15. g3 b6 16. Rfd1 Bb7 17. Bxb7 Qxb7 18. d5 Rbc8 19. b3 Ne5 20. h3 g6 21. a4
Bg7 22. Ng2 Qc7 23. Ne1 Ned7 24. Qc2 exd5 25. Nxd5 Nxd5 26. Rxd5 Nf6 27. Rd3
Ne4 28. Rd5 Nxg3 29. fxg3 Rxe3 30. Kf2 Qe7 31. Ng2 Rc3 32. Qd2 Qf6+ 33. Kg1
Rxc1+ 34. Qxc1 Re8 35. Qd1 Bf8 36. a5 bxa5 37. Rxa5 Qc3 38. Rxa6 Qxg3 39. b4
Bh6 40. Kf1 Re5 41. Ra5 Be3 42. Nxe3 Qxh3+ 43. Kg1 Qxe3+ 44. Kf1 Qf4+ 45. Kg2
Re3 0-1

[Event "26. European Club Cup 2010"]
[Site "Plovdiv BUL"]
[Date "2010.10.22"]
[Round "6.1"]
[White "Moiseenko, Alexander"]
[Black "Melkumyan, Hrant"]
[Result "1/2-1/2"]
[WhiteElo "2658"]
[BlackElo "2614"]
[PlyCount "99"]
[EventDate "2010.12.17"]
[EventType "team"]
[EventCountry "BUL"]
[Source "lmi"]
[SourceDate "2010.10.17"]

1. d4 Nf6 2. c4 g6 3. Nc3 d5 4. Bg5 Bg7 5. e3 c5 6. dxc5 Qa5 7. Bxf6 Bxf6 8.
Rc1 O-O 9. cxd5 Nd7 10. Nge2 Nxc5 11. Nd4 Bd7 12. Bc4 Qb4 13. Qe2 Bg4 14. f3
Bd7 15. O-O Rac8 16. a3 Qb6 17. Kh1 a6 18. Ba2 Na4 19. Nxa4 Bxa4 20. Qd2 Rfd8
21. h3 Bd7 22. f4 Rxc1 23. Rxc1 Rc8 24. Rxc8+ Bxc8 25. Qc3 Bf5 26. b4 Bxd4 27.
exd4 Qd6 28. Qe3 b6 29. g4 Bd7 30. Qe5 f6 31. Qxd6 exd6 32. Bc4 b5 33. Bb3 Kg7
34. Kg2 f5 35. Bd1 Be8 36. gxf5 gxf5 37. Kg3 Kf6 38. Kh4 h6 39. Bc2 Kg6 40. Bb3
Kf6 41. Bd1 Kg7 42. Kg3 Kf6 43. Kf2 Kg7 44. Ke3 Kf6 45. Kd2 Kg6 46. Be2 Kf6 47.
Kc3 Kg6 48. a4 h5 49. h4 Bd7 50. a5 1/2-1/2

[Event "26. European Club Cup 2010"]
[Site "Plovdiv BUL"]
[Date "2010.10.22"]
[Round "6.11"]
[White "Dambacher, Martijn"]
[Black "Volodin, Aleksandr"]
[Result "1-0"]
[WhiteElo "2476"]
[BlackElo "2433"]
[PlyCount "105"]
[EventDate "2010.12.17"]
[EventType "team"]
[EventCountry "BUL"]
[Source "lmi"]
[SourceDate "2010.10.17"]

1. d4 Nf6 2. c4 e6 3. Nc3 Bb4 4. Bg5 h6 5. Bh4 O-O 6. e3 d6 7. Bd3 e5 8. Nge2
Nc6 9. O-O Bxc3 10. Nxc3 exd4 11. exd4 Nxd4 12. Bh7+ Kxh7 13. Qxd4 Bf5 14. Nd5
c5 15. Qf4 Nxd5 16. Qxf5+ g6 17. Qe4 Nf6 18. Qxb7 Rb8 19. Qf3 g5 20. Bg3 Rxb2
21. Rad1 Rb6 22. Qf5+ Kg7 23. Be5 Qe7 24. Bc3 Qe6 25. Qd3 Re8 26. Rfe1 Qd7 27.
Rxe8 Qxe8 28. Qf3 d5 29. cxd5 Rd6 30. h4 Kg6 31. Re1 Qd7 32. Be5 Rb6 33. d6 Ng4
34. Bg3 f5 35. Qd3 Kh5 36. f3 Nf6 37. Re7 Qb5 38. Qxb5 Rxb5 39. Be5 Rb1+ 40.
Kf2 Rd1 41. Bxf6 Rxd6 42. hxg5 hxg5 43. Bc3 Ra6 44. Re2 g4 45. Kg3 Ra4 46. Re5
gxf3 47. Rxf5+ Kg6 48. Rxf3 Rxa2 49. Rf6+ Kh7 50. Rc6 a5 51. Rxc5 a4 52. Kf3
Rc2 53. Bd4 1-0

[Event "26. European Club Cup 2010"]
[Site "Plovdiv BUL"]
[Date "2010.10.22"]
[Round "6.24"]
[White "Zymberi, Astrit"]
[Black "Sodoma, Jan"]
[Result "0-1"]
[WhiteElo "2175"]
[BlackElo "2343"]
[PlyCount "74"]
[EventDate "2010.12.17"]
[EventType "team"]
[EventCountry "BUL"]
[Source "lmi"]
[SourceDate "2010.10.17"]

1. d4 Nf6 2. c4 e6 3. Nc3 Bb4 4. Qc2 d5 5. cxd5 exd5 6. Bg5 c5 7. dxc5 h6 8.
Bxf6 Qxf6 9. e3 O-O 10. Nge2 Na6 11. Nd4 Nxc5 12. Be2 Ne4 13. O-O Nxc3 14. bxc3
Bd6 15. Qb3 Qe5 16. g3 b6 17. Bf3 Bb7 18. Rfd1 Rfd8 19. Ne2 Bf8 20. Nf4 Rac8
21. Bxd5 Bxd5 22. Rxd5 Rxd5 23. Nxd5 h5 24. Rd1 Bc5 25. Qc4 Rd8 26. h4 Rd6 27.
Kg2 Kh8 28. f4 Qe6 29. e4 Qd7 30. e5 Rg6 31. Qe2 Qf5 32. c4 Rg4 33. Nc3 Qxf4
34. Rd8+ Kh7 35. Qd3+ g6 36. e6 Qf2+ 37. Kh3 Qe1 0-1

[Event "26. European Club Cup 2010"]
[Site "Plovdiv BUL"]
[Date "2010.10.23"]
[Round "7.3"]
[White "Gustafsson, Jan"]
[Black "Andriasian, Zaven"]
[Result "1/2-1/2"]
[WhiteElo "2646"]
[BlackElo "2579"]
[PlyCount "21"]
[EventDate "2010.12.17"]
[EventType "team"]
[EventCountry "BUL"]
[Source "lmi"]
[SourceDate "2010.10.17"]

1. d4 d5 2. c4 c6 3. Nc3 Nf6 4. cxd5 cxd5 5. Bf4 Nc6 6. e3 a6 7. Rc1 Bg4 8. f3
Bd7 9. Bd3 e6 10. g4 Bb4 11. Nge2 1/2-1/2

[Event "26. European Club Cup 2010"]
[Site "Plovdiv BUL"]
[Date "2010.10.23"]
[Round "7.3"]
[White "Naiditsch, Arkadij"]
[Black "Pashikian, Arman"]
[Result "1-0"]
[WhiteElo "2674"]
[BlackElo "2639"]
[PlyCount "165"]
[EventDate "2010.12.17"]
[EventType "team"]
[EventCountry "BUL"]
[Source "lmi"]
[SourceDate "2010.10.17"]

1. d4 d5 2. c4 c6 3. Nc3 Nf6 4. cxd5 cxd5 5. Bf4 Nc6 6. e3 a6 7. Rc1 Bg4 8. f3
Bd7 9. g4 e6 10. Bd3 Bb4 11. Nge2 Qe7 12. Kf2 h6 13. Bb1 Rc8 14. h4 g6 15. Ng3
Bd6 16. Bxd6 Qxd6 17. g5 hxg5 18. hxg5 Rxh1 19. Qxh1 Ng8 20. Qh8 Nce7 21. Bd3
Qb6 22. Rb1 Kd8 23. Nge2 Kc7 24. Qh2+ Qd6 25. Rh1 Qxh2+ 26. Rxh2 Nc6 27. Rh7
Rf8 28. f4 Nge7 29. Ng1 Nc8 30. Nf3 Nd6 31. Ke2 Ne7 32. Ne5 Kd8 33. Nd1 Bb5 34.
Bxb5 axb5 35. Nf2 Nc6 36. Nxc6+ bxc6 37. Ng4 Kc7 38. Ne5 Ra8 39. a3 Kb6 40.
Nd7+ Ka5 41. Kd3 Rd8 42. Nc5 Ra8 43. Kc2 Kb6 44. Nd7+ Ka5 45. Ne5 Kb6 46. Kb3
Ra7 47. Kb4 Ra4+ 48. Kc3 Ra7 49. Kb3 Ra8 50. Nd7+ Kc7 51. Nc5 Kb6 52. Kb4 Ra7
53. b3 Nf5 54. Rh3 Nd6 55. Nd3 Nf5 56. Ne5 Rb7 57. Ng4 Nd6 58. Rh8 Ne4 59. Rd8
Kc7 60. Rf8 Kb6 61. Ne5 Nd6 62. Rd8 Nf5 63. Rc8 Ne7 64. Rf8 Nf5 65. Rxf7 Rxf7
66. Nxf7 Nxe3 67. Nd8 Kc7 68. Nxe6+ Kd6 69. Nf8 Nf5 70. Kc3 Ne7 71. a4 bxa4 72.
bxa4 c5 73. dxc5+ Kxc5 74. Ne6+ Kd6 75. Nd4 Kc5 76. a5 Ng8 77. Ne6+ Kb5 78. Kd4
Ne7 79. Ke5 Kxa5 80. Kf6 Nc6 81. Kxg6 d4 82. Nxd4 Nxd4 83. Kf6 1-0